000 nam a22 7a 4500
999 _c2067
_d2067
005 20170515105338.0
008 170515b1996 enk||||| |||| 00| 0 eng d
020 _a0849381584
040 _aAKMAL
082 _a363.25 CLA
090 _a363.25
_bCLA
100 1 _aClark, Franklin
_94258
245 1 0 _a Investigating computer crime /
_cFranklin Clark, Ken Diliberto
260 _aBoca Raton, Fla. :
_bCRC Press,
_cc1996
300 _axviii, 228 p. :
_b ill. ;
_c25cm
500 _a Includes index.
650 0 _aComputer crimes
_x Investigation
_94259
700 1 _a Diliberto, Ken
_94260
856 4 2 _u http://www.loc.gov/catdir/enhancements/fy0731/95052636-d.html
942 _2ddc
_cBOOK